Structure and mechanism in protein science. | A guide to enzyme catalysis and protein folding (Record no. 162504)
[ view plain ]
| 000 -LEADER | |
|---|---|
| fixed length control field | 00717nam a2200241Ia 4500 |
| 003 - CONTROL NUMBER IDENTIFIER | |
| control field | OSt |
| 005 - DATE AND TIME OF LATEST TRANSACTION | |
| control field | 20230622122038.0 |
| 008 - FIXED-LENGTH DATA ELEMENTS--GENERAL INFORMATION | |
| fixed length control field | 210423s1999 xx 000 0 und d |
| 020 ## - INTERNATIONAL STANDARD BOOK NUMBER | |
| International Standard Book Number | 0-7167-3268-8 |
| 040 ## - CATALOGING SOURCE | |
| Transcribing agency | AL |
| 041 ## - LANGUAGE CODE | |
| Language code of text/sound track or separate title | eng |
| 082 ## - DEWEY DECIMAL CLASSIFICATION NUMBER | |
| Classification number | 574.19245 FERS |
| Edition number | 23 |
| 100 ## - MAIN ENTRY--PERSONAL NAME | |
| Personal name | FERSHT (Alan). |
| 9 (RLIN) | 100052 |
| 245 ## - TITLE STATEMENT | |
| Title | Structure and mechanism in protein science. |
| 245 #2 - TITLE STATEMENT | |
| Title | A guide to enzyme catalysis and protein folding |
| 260 ## - PUBLICATION, DISTRIBUTION, ETC. | |
| Place of publication, distribution, etc. | New York |
| Name of publisher, distributor, etc. | W H Freeman & Co. |
| Date of publication, distribution, etc. | 1999 |
| 300 ## - PHYSICAL DESCRIPTION | |
| Extent | xxi,631 |
| Other physical details | PB |
| 365 ## - TRADE PRICE | |
| Price amount | 2848 |
| Currency code | INR |
| 650 ## - SUBJECT ADDED ENTRY--TOPICAL TERM | |
| Topical term or geographic name entry element | Biochemistry |
| 9 (RLIN) | 100053 |
| 650 ## - SUBJECT ADDED ENTRY--TOPICAL TERM | |
| Topical term or geographic name entry element | Biology |
| 9 (RLIN) | 100054 |
| 906 ## - LOCAL DATA ELEMENT F, LDF (RLIN) | |
| a | catalysis ; enzyme ; folding ; guide ; mechanism ; protein ; science. ; Structure |
| 942 ## - ADDED ENTRY ELEMENTS (KOHA) | |
| Source of classification or shelving scheme | Dewey Decimal Classification |
| Koha item type | Book |
| Withdrawn status | Lost status | Damaged status | Not for loan | Collection code | Home library | Current library | Date acquired | Source of acquisition | Cost, normal purchase price | Total Checkouts | Full call number | Barcode | Date last seen | Price effective from | Koha item type |
|---|---|---|---|---|---|---|---|---|---|---|---|---|---|---|---|
| Bio Technology | St Aloysius PG Library | St Aloysius PG Library | 04/17/2003 | Prism Books Pvt Ltd | 2848.00 | 574.19245 FERS | PG008997 | 08/24/2022 | 04/26/2021 | Book | |||||
| Bio Technology | St Aloysius PG Library | St Aloysius PG Library | 04/17/2003 | Prism Books Pvt Ltd | 2848.00 | 574.19245 FERS | PG008998 | 08/24/2022 | 04/26/2021 | Book |